000 00673nam a2200217 a 4500
001 14010
003 BD-JhCC
005 20240523120910.0
008 240118b2020 bg a|||| ||a| 000 0 eng d
020 _a9789849594802
035 _a(BD-JhCC)14010
040 _aBD-JhCC
_dBD-JhCC
041 _aenglish
082 _a954.9205
_bWAH 2020
100 _aWahab,Mejor General (retd) Atm Abdul
245 _aLion of bengal:
_bOn birth centenary of Father of the Nation /
_cMejor General (retd) Atm Abdul Wahab.
260 _aDhaka:
_bPan Pacific Venture;
_c2020
300 _a128 p.:
_bill;
_c21cm.
650 _aBangabandhu Sheikh Mujubur Rahman
_zBiography
942 _2ddc
_cBK
999 _c14010
_d14010